000 00478nam a2200157Ia 4500
999 _c23376
_d23376
003 OSt
005 20200319114748.0
008 190216s9999||||xx |||||||||||||| ||und||
040 _coclc
082 _a920
_bKAB/S
100 _aKabeer, V A
_91846
245 0 _aSayyid Quthub Avishkara Swathanthryathinte Rakthasakshi /
_c V A Kabeer
260 _bIslamic Publishing House,
_c2011.
_aKozhikode:
300 _a88p
942 _cBK
_2ddc
_h920
_iKAB/S
_k920
_mKAB/S